Random Questions (15 questions) - Statistics

General Stats
  • This quiz has been taken 26 times
  • The average score is 10 of 15
Answer Stats
Hint Answer % Correct
How many wheels is on a car that is missing a wheel? 3
95%
How many Aces are in a pack of 52 playing cards? 4
95%
What is the highest number of 3 digits? 999
95%
What is the lowest number of 2 digits? 10
90%
What is the 17 letter of the English Alphabet? Q
90%
How many questions are there? 15
86%
What is the first letter of the Greek alphabet? Alpha
86%
How many countries are in South America? 12
71%
How many buttons are on 1 Nintendo Switch controller? 8
71%
Who is Mario's brother from Super Mario Brothers? Luigi
71%
What is the world record for M&M's stacked on top of each other? 7
67%
What is the name of the building where you gain items with money? Store
62%
In Minecraft, What is the rarest ore? Emerald
38%
What is the name the the plastic case at the end of a shoe lace? Aglet
24%
What is the largest plane in the world? AN-225
5%
No matching quizzes found
Score Distribution
Percent of People with Each Score
Percentile by Number Answered
Your Score History
You have not taken this quiz